Photo maxima, 1958 (Record no. 8882)

MARC details
000 -CABECERA
campo de control de longitud fija 00875nam a2200229 a 4500
001 - NÚMERO DE CONTROL
campo de control BRL_69
005 - FECHA Y HORA DE LA ÚLTIMA TRANSACCIÓN
campo de control 20190320210556.0
008 - DATOS DE LONGITUD FIJA--INFORMACIÓN GENERAL
campo de control de longitud fija 921109s1959####u--a######---#000-0#eng-#
041 ## - CÓDIGO DE LENGUA
Código de lengua del texto/banda sonora o título independiente eng
044 ## - CÓDIGO DEL PAÍS DE LA ENTIDAD EDITORA/PRODUCTORA
Código MARC del país u
050 #4 - SIGNATURA TOPOGRÁFICA DE LA BIBLIOTECA DEL CONGRESO
Número de clasificación TR6.N6
Número de documento/Ítem .P46 1959
245 10 - MENCIÓN DE TÍTULO
Título Photo maxima, 1958
Resto del título The first international small print photographic exhibition in book form
Mención de responsabilidad, etc. sponsored by the Pictorial division of the Photographic Society of America.
260 ## - PUBLICACIÓN, DISTRIBUCIÓN, ETC.
Lugar de publicación, distribución, etc. Estados Unidos
Nombre del editor, distribuidor, etc. Photographic Society of America, Pictorial Division
Fecha de publicación, distribución, etc. [1959]
300 ## - DESCRIPCIÓN FÍSICA
Extensión 72 p.
Otras características físicas il.
Dimensiones 27 cm.
500 ## - NOTA GENERAL
Nota general Incluye índice de ilustraciones e índice de datos técnicos de los contribuyentes
500 ## - NOTA GENERAL
Nota general Estado físico: encuadernado, enero 2013
500 ## - NOTA GENERAL
Nota general Au36
650 14 - PUNTO DE ACCESO ADICIONAL DE MATERIA--TÉRMINO DE MATERIA
Término de materia o nombre geográfico como elemento de entrada Fotografía
9 (RLIN) 8320
710 2# - PUNTO DE ACCESO ADICIONAL--NOMBRE DE ENTIDAD CORPORATIVA
Nombre de entidad corporativa o nombre de jurisdicción como elemento de entrada Pictorial Division of the Photographic Society of America
9 (RLIN) 22825
902 ## - CATALOGADOR
Iniciales GRL
942 ## - ELEMENTOS DE PUNTO DE ACCESO ADICIONAL (KOHA)
Fuente del sistema de clasificación o colocación Library of Congress Classification
Tipo de ítem Koha Libros
Holdings
Estado de retiro Estado de pérdida Estado dañado No para préstamo Localización permanente Ubicación/localización actual Fecha de adquisición Número de inventario Total de préstamos Signatura topográfica completa Código de barras Fecha visto por última vez Precio válido a partir de Tipo de ítem Koha
El ejemplar forma parte de la colección y puede ser consultado según las políticas vigentes.       Biblioteca Centro de Estudios Ruth D. Lechuga Biblioteca Centro de Estudios Ruth D. Lechuga 04/10/2012 Au36   TR6.N6 .P46 1959 (Au36) GRL00071 22/03/2019 22/03/2019 Libros